| 000 | 01007nac a22002771u 4500 | ||
|---|---|---|---|
| 010 | _a 00036059 | ||
| 020 | _a0792379470 | ||
| 020 | _a0071181652 | ||
| 020 | _a9780070647763 : | ||
| 020 | _a0070647763 : | ||
| 082 | 0 | 0 |
_a620.0078 _bHOL |
| 090 |
_c2528 _d2528 |
||
| 100 | _aHolman, J. P. | ||
| 245 | 1 | 0 |
_aExperimental methods for engineers / _cJ.P. Holman. |
| 250 |
_a7th ed. _bInternational edxviiition |
||
| 260 |
_aBoston : New Delhi : _bMcGraw-Hill,2001 _cc2001. |
||
| 300 |
_axviii, 697 p.: _bill. ; _c24 cm. |
||
| 440 | 0 | _aMcGraw-Hill series in mechanical engineering | |
| 500 | _aOne copy is an special Indian edition, 664 Pages and distributed by Al Magmoa Al Elmeya | ||
| 504 | _aIncludes bibliographical references and index. | ||
| 511 | _aCatalogued by: Sara | ||
| 650 | 0 |
_aEngineering _vLaboratory manuals. |
|
| 650 | 0 | _aEngineering instruments. | |
| 942 |
_cBB _k620.0078HOL |
||
| 999 |
_c2528 _d2528 |
||